| 000 | 00883nam a2200181Ia 4500 | ||
|---|---|---|---|
| 008 | 151202s9999||||xx |||||||||||||| ||und|| | ||
| 082 | _bPNVM-49029 | ||
| 100 | _aशेषाद्रि हो.वे. | ||
| 245 | _aएक कर्मयोगी का गाँव ( हिंदीत ) - राळेगणसिध्दीविषयी. | ||
| 260 | _bसुरुची प्रकाशन दिल्ली. | ||
| 260 | _c2004 | ||
| 300 | _a24 | ||
| 600 | _aशेषाद्रि हो.वे. | ||
| 630 | _aएक कर्मयोगी का गाँव ( हिंदीत ) - राळेगणसिध्दीविषयी. | ||
| 700 | _aशेषाद्रि हो.वे. | ||
| 730 | _aएक कर्मयोगी का गाँव ( हिंदीत ) - राळेगणसिध्दीविषयी. | ||
| 942 | _cBOOK | ||
| 999 |
_c1314926 _d1314923 |
||